| 000 | 01973nam a22002537a 4500 | ||
|---|---|---|---|
| 003 | Uzh_bibl | ||
| 008 | 260430b |||||||| |||| 00| 0 ukr d | ||
| 020 |
_a978-617-12-6049-8 _c78.00 |
||
| 040 | _bукр. | ||
| 041 |
_2ukr _aukr |
||
| 080 | _a821(477) | ||
| 090 |
_a821(477) _bК 59 |
||
| 100 | _aКокотюха , Андрій | ||
| 245 |
_aБагряний рейд _cпередм.І.Патриляка _hТекст |
||
| 260 |
_aХарків _bКнижковий Клуб "Клуб Сімейного Дозвілля" _c2019 |
||
| 300 |
_a288 с. _fВ опр. |
||
| 520 | _aМаксим Коломієць, колишній радянський міліціонер, потім — в’язень ГУЛАГу та диверсант, волею долі потрапляє у волинські ліси та приєднується до українських повстанців. У цьому романі Коломієць — уже командир відділу УПА на псевдо Східняк. А східнякам в УПА не дуже довіряють. Проте ніхто, крім Коломійця, не може очолити бойову групу, яка вирушає в небезпечний рейд з Волині на Київщину. Тут, у радянському тилу, повстанці мають вести агітацію й готувати диверсії. Не всі дійдуть до місця живими. Не всі виживуть у сутичці з загонами НКВС. А ті, хто вижив, помстяться за смерть побратимів. | ||
| 521 | _a18+Обережно!Ненормативна лексика! | ||
| 546 | _aукр. | ||
| 650 | _aЛітературно-художнє видання | ||
| 653 |
_aПідпілля _aПовстанці _aДиверсії |
||
| 655 |
_aІсторична проза _vРоман |
||
| 942 |
_2udc _cBK |
||
| 999 |
_c17581 _d17581 |
||